000 00269nam a22001337a 4500
008 170323b xxu||||| |||| 00| 0 eng d
020 _a0824776496
041 _aeng
080 _a616.9
100 _a7
101 _ashm
245 _aAIDS
_cBRODER, S
942 _2udc
_cBK
999 _c8467
_d8467